| 000 | 00426cam a2200169ua 4500 | ||
|---|---|---|---|
| 020 | _c50.00 | ||
| 041 |
_aeng _h |
||
| 082 |
_a636.9322 _bMAH/ANG |
||
| 100 | _aMahajan, J.M . | ||
| 245 |
_aAngora rabit / _cJ.M Mahajan. _hTextual Documents |
||
| 260 |
_aNew Delhi : _bIndian Council for Agricultural Research , _c1998. |
||
| 300 | _a94 ; . | ||
| 365 | _a50.00 | ||
| 504 | _a | ||
| 942 | _cBK | ||
| 999 |
_c12056 _d12056 |
||